00642 2200241 4500001002100000005001500021035002000036007000300056008004100059020002200100082001000122084001600132100002000148245008000168250001000248260003600258300003000294650000900324700002000333504002500353990001100378990001100389INLIS00000000000429020191023085855 a0010-1019000142ta191023 g 1 ind  a978-602-1279-36-6 a613.2 a613.2 RIT d0 aRITA, Ramayulis1 aDiet :buntuk penyakit komplikasi /cRita Ramayulis, editor, Atiatul Mu'min acet.1 aJakarta :bPenebar Plus+,c2016 a165 hlm :bilus. ;c22 cm 4aDiet0 aATIATUL, Mu'min aBibliografi: 165 hlm a7026 a a7026 b